Jupiter (Record no. 6042)

MARC details
000 -LEADER
fixed length control field 00635nam a2200193Ia 4500
003 - CONTROL NUMBER IDENTIFIER
control field IN-BaIIA
008 - FIXED-LENGTH DATA ELEMENTS--GENERAL INFORMATION
fixed length control field 211028s9999 xx 000 0 eng d
020 ## - INTERNATIONAL STANDARD BOOK NUMBER
International Standard Book Number 0-8165-0530-6
040 ## - CATALOGING SOURCE
Transcribing agency IIA Library
080 ## - UNIVERSAL DECIMAL CLASSIFICATION NUMBER
Universal Decimal Classification number 523.45
Item number JUP
245 #0 - TITLE STATEMENT
Title Jupiter
Remainder of title studies of the interior, atmosphere, magnetosphere and satellites
Statement of responsibility, etc. edited by Tom Gehrels
260 ## - PUBLICATION, DISTRIBUTION, ETC.
Place of publication, distribution, etc. Tucson
Name of publisher, distributor, etc. University of Arizona Press
Date of publication, distribution, etc. 1976
300 ## - PHYSICAL DESCRIPTION
Extent x, 1254p.
650 ## - SUBJECT ADDED ENTRY--TOPICAL TERM
Topical term or geographic name entry element Astronomy and astrophysics thesaurus
650 ## - SUBJECT ADDED ENTRY--TOPICAL TERM
Topical term or geographic name entry element Planet jupiter
9 (RLIN) 1376
650 ## - SUBJECT ADDED ENTRY--TOPICAL TERM
Topical term or geographic name entry element Planetary systems
9 (RLIN) 965
700 ## - ADDED ENTRY--PERSONAL NAME
Personal name Gehrels, Tom., ed.
9 (RLIN) 10477
942 ## - ADDED ENTRY ELEMENTS (KOHA)
Koha item type Books
Holdings
Withdrawn status Lost status Damaged status Not for loan Home library Current library Shelving location Date acquired Cost, normal purchase price Total Checkouts Full call number Barcode Date last seen Cost, replacement price Price effective from Koha item type Purchase Price
        IIA Library-Bangalore IIA Library-Bangalore General Stacks 30/11/1978 35.00   523.45/ JUP 6748 05/11/2021 35.00 30/11/1978 Books Rs. 35.00

Powered by Koha